Απουλοποίηση τίτλων κυρίως μετοχών
Αποθηκεύτηκε σε:
| Κύριος συγγραφέας: | |
|---|---|
| Μορφή: | Βιβλίο |
| Γλώσσα: | Greek |
| Δημοσίευση: |
Αθήνα :
Νομική Βιβλιοθήκη,
1999
|
| Θέματα: | |
| Ετικέτες: |
Προσθήκη ετικέτας
Δεν υπάρχουν, Καταχωρήστε ετικέτα πρώτοι!
|
MARC
| LEADER | 00000nam a2200000 i 4500 | ||
|---|---|---|---|
| 001 | 1/77584 | ||
| 008 | 050530s1999 gre d | ||
| 020 | |a 960-272-028-X | ||
| 035 | |l 10078278 | ||
| 040 | |a GR-MY-UA |b gre |e aacr | ||
| 041 | 0 | |a gre | |
| 082 | 0 | |a 346.092 |2 (22) | |
| 100 | 1 | |a Μιχαλόπουλος, Γιώργος Ν. | |
| 245 | 1 | 0 | |a Απουλοποίηση τίτλων κυρίως μετοχών / |c Γιώργος Ν. Μιχαλόπουλος |
| 260 | |a Αθήνα : |b Νομική Βιβλιοθήκη, |c 1999 | ||
| 300 | |a 173 σ.; |c 21 εκ. | ||
| 504 | |a Περιλαμβάνει βιβλιογραφία και ευρετήριο | ||
| 650 | 0 | 0 | |a Stock exchanges |x Law and legislation |z Greece. |
| 852 | |a INST |b CHIOS |e 20050530 |h 346.092 ΜΙΧ |p 005200021707 |q 005200021707 |t BK |y 0 | ||
| 901 | |a BIBL2-2005-2 | ||
| 909 | |a Χ |b 118759 | ||
| 920 | |a ΔΙΕΥΡΥΝΣΗ |b ΕΠΕΑΕΚ-ΤΝΕΥ |y ΧΙΟΣ |z 2004-12 | ||
| 970 | |a ΧΑΖΙΡΗ |b ΑΝΝΑ |z 2005/05/30 | ||